| 000 | 00537nam a2200229Ia 4500 | ||
|---|---|---|---|
| 005 | 20250425161803.0 | ||
| 008 | 250425s9999 xx 000 0 und d | ||
| 020 | _a8471142597 | ||
| 041 | _aspa | ||
| 082 | _a633.3 | ||
| 100 | _aALFONSO-DIAS, MANUEL | ||
| 245 | 0 | _aEL CULTIVO DEL GIRASOL | |
| 250 | _a1A ED. | ||
| 260 |
_aEspaƱa _bMUNDI-PRENSA _c1989 |
||
| 260 | _aMADRID | ||
| 300 | _a158 | ||
| 500 | _aAGROGUIAS MUNDI-PRENSA | ||
| 650 | _aCULTIVO DE GIRASOL | ||
| 650 | _aOLEAGINOSAS | ||
| 942 | _c01 | ||
| 010 | _a29077 | ||
| 999 |
_c216099 _d216099 |
||